000 00176nam a2200085 4500
001 1254531
005 20251117154430.0
245 _aDAĞDA MACERA
_cENID BLYTON
260 _bARTEMİS
999 _c1254531
_d1254531